Jesús von Nazaret

שמור ב:
מידע ביבליוגרפי
מחבר ראשי: Becker, Jurgen (Author)
פורמט: ספר
שפה:גרמנית
יצא לאור: Berlín Walter de Gruyter 1996
מהדורה:1a. ed
נושאים:
תגים: הוספת תג
אין תגיות, היה/י הראשונ/ה לתייג את הרשומה!

MARC

LEADER 00000cam a2200000 a 4500
001 UCE7519
003 CL-VaPUC
008 150626e19960000gw |||||||||||||||||ger|d
020 |a 311014882X 
082 0 4 |a 232.9  |b BEC  |2 21 
100 |a Becker, Jurgen  |e author  |9 580165 
245 1 0 |a Jesús von Nazaret 
250 |a 1a. ed 
300 |a 458 p 
942 |c BK 
945 |d 20150626 15:30:00  |a dcastane 
260 |a Berlín  |b Walter de Gruyter  |c 1996 
650 0 |a Cristología   |9 315091 
583 |a last modification  |c 20150626 15:30:00  |k Rodrigo Vera 
999 |c 359587  |d 359585 
952 |0 0  |1 0  |3 erb  |4 0  |6 232_900000000000000_BEC_1996  |7 0  |8 A  |9 468854  |a BIBTEO  |b BIBTEO  |e Casale Rolle, Carlos Ignacio, -2014  |i 5183103  |o 232.9 BEC 1996  |p 5183103  |r 2025-01-17  |w 2019-11-23  |y BK  |z Catalogado en:20150626  |k ICR